LEADER 03799nam 2200589 a 450 001 9910954160303321 005 20251117080619.0 010 $a1-61728-703-2 035 $a(CKB)2670000000161827 035 $a(EBL)3020948 035 $a(SSID)ssj0000687893 035 $a(PQKBManifestationID)12277602 035 $a(PQKBTitleCode)TC0000687893 035 $a(PQKBWorkID)10756813 035 $a(PQKB)11068769 035 $a(MiAaPQ)EBC3020948 035 $a(Au-PeEL)EBL3020948 035 $a(CaPaEBR)ebr10681086 035 $a(OCoLC)782906070 035 $a(BIP)30904789 035 $a(EXLCZ)992670000000161827 100 $a20100702d2011 uy 0 101 0 $aeng 135 $aur|n|---||||| 181 $ctxt 182 $cc 183 $acr 200 00$aCircuit analysis /$fVirginia E. Wright, editor 205 $a1st ed. 210 $aHauppauge, N.Y. $cNova Science Publishers$dc2011 215 $a1 online resource (196 p.) 225 1 $aElectrical engineering developments 300 $aDescription based upon print version of record. 311 08$a1-61728-106-9 320 $aIncludes bibliographical references and index. 327 $aIntro -- CIRCUIT ANALYSIS -- CIRCUIT ANALYSIS -- LIBRARY OF CONGRESS CATALOGING-IN-PUBLICATION DATA -- CONTENTS -- PREFACE -- Chapter 1: ELEMENT STAMP ALGORITHM FOR MATRIX FORMULATION OF SYMBOLIC CIRCUITS -- Abstract -- 1. Computer Representation of Symbolic Matrices -- 2. Topological (Graphical) Representation of Matrices -- 3. Basic Network Elements and Equations (Distributed vs. Lumped) -- 4. Nodal Analysis Techniques -- 5. Conclusion -- References -- Chapter 2: MICROWAVE AND MILLIMETER-WAVE COAXIAL-WAVEGUIDE POWERDIVIDING/ COMBINING CIRCUITS -- Abstract -- 1. Introduction -- 2. Coaxial-Waveguide Power-Dividing/Combining Structure -- 3. Design of the Coaxial Stepped Impedance Transformer -- 4. Analysis of the Coaxial Taper -- 5. Coaxial-Waveguide Power Dividers/ Combiners Using Coaxial Probe Array -- 6. Coaxial-Waveguide Power Dividers with Microstrip Probes -- 7. Millimeter-Wave Coaxial-Waveguide Power-Combining Amplifiers -- 8. Planar Probe Coaxial Power Dividers/Combiners -- 9. Ultra-Wideband (UWB) Coaxial Power Divider with Rotated Electric Field Mode -- References -- Chapter 3: ANALYSIS OF FEEDBACK CIRCUITS USING MILLER'S TECHNIQUES -- Abstract -- I. Introduction -- II. Open Circuit Approximation Using Circuit Properties: Parallel Feedback Impedance -- III. Determination of All Parameters: Parallel Feedback -- IV. Series Feedback Impedance: Short Circuit Approximation and Analysis -- V. Conclusions -- References -- Chapter 4 TIRE PRESSURE -TEMPERATURE TESTER FOR REAL DRIVING CONDITIONS -- Abstract -- Introduction -- Experimental Data Presentation and Discussion -- Conclusion -- References -- Chapter 5: ANALYZING CIRCUIT STRUCTURES AS LANGUAGE -- Abstract -- 1. Introduction -- 2. Circuit Representation in Predicate Logic -- 3. Logic Grammar DCSG -- 4. Finding Structures in Circuits -- 5. Circuit Grammar for Functional Blocks. 327 $a6. Grammar Rules for Functional Blocks -- 7. Parsing Circuits -- 8. Conclusions -- References -- INDEX. 330 $aPresents a method for analysing circuit structures as sentences and their elements as words in order to increase the level of automatic circuit understanding. 410 0$aElectrical engineering developments series. 606 $aElectronic circuits 606 $aElectric circuit analysis 615 0$aElectronic circuits. 615 0$aElectric circuit analysis. 676 $a621.3815 701 $aWright$b Virginia E$01871035 801 0$bMiAaPQ 801 1$bMiAaPQ 801 2$bMiAaPQ 906 $aBOOK 912 $a9910954160303321 996 $aCircuit analysis$94479686 997 $aUNINA